বঙ্কিমচন্দ্রের বিবিধ প্রবন্ধ : (Record no. 44132)
[ view plain ]
| 000 -LEADER | |
|---|---|
| fixed length control field | 00950nam a22002297a 4500 |
| 001 - CONTROL NUMBER | |
| control field | 44132 |
| 003 - CONTROL NUMBER IDENTIFIER | |
| rucl marc code | BD-RjUL |
| 005 - DATE AND TIME OF LATEST TRANSACTION | |
| control field | 20211209053814.0 |
| 008 - FIXED-LENGTH DATA ELEMENTS--GENERAL INFORMATION | |
| fixed length control field | 160713r19951986ii ||||| |||| 00| 0 ben d |
| 020 ## - INTERNATIONAL STANDARD BOOK NUMBER | |
| Terms of availability | : IRs 50.00 |
| 035 ## - SYSTEM CONTROL NUMBER | |
| System control number | (BD-RjUL)44250 |
| 040 ## - CATALOGING SOURCE | |
| Original cataloging agency | BD-RjUL |
| Language of cataloging | ben |
| Transcribing agency | BD-RjUL |
| 041 ## - LANGUAGE CODE | |
| Language code of text/sound track or separate title | ben |
| 082 ## - DEWEY DECIMAL CLASSIFICATION NUMBER | |
| Edition number | 23 |
| Classification number | 891.444 |
| Author mark and year | BAN 1995 |
| 245 00 - TITLE STATEMENT | |
| Title | বঙ্কিমচন্দ্রের বিবিধ প্রবন্ধ : |
| Remainder of title | বিস্তৃত ভূমিকা ও প্রশ্নাবলী সম্বলিত / |
| 260 ## - PUBLICATION, DISTRIBUTION, ETC. (IMPRINT) | |
| Place of publication, distribution, etc. | কলিকাতা : |
| Name of publisher, distributor, etc. | মডার্ণ বুক, |
| Date of publication, distribution, etc. | ১৯৮৬ [মুদ্রণ ১৯৯৫] |
| 300 ## - PHYSICAL DESCRIPTION | |
| Pagination | ৪১৬ পৃ. ; |
| Size | ২১ সেমি. |
| 650 ## - SUBJECT ADDED ENTRY--TOPICAL TERM | |
| Topical term or geographic name as entry element | বাংলা প্রবন্ধ |
| 9 (RLIN) | 135499 |
| Topical term or geographic name as entry element | Bengali Essays |
| 9 (RLIN) | 135500 |
| 700 ## - ADDED ENTRY--PERSONAL NAME | |
| Personal name | সান্যাল, ভবানী গোপাল, সম্পাদক |
| 942 ## - ADDED ENTRY ELEMENTS (KOHA) | |
| Source of classification or shelving scheme | Dewey Decimal Classification |
| Koha item type | Books |
| Lost status | Source of classification or shelving scheme | Damaged status | Not for loan | Collection code | Permanent Location | Current Location | Shelving location | Date acquired | Source of acquisition | Cost, normal purchase price | Total Checkouts | Full call number | Date last seen | Date checked out | Copy number | Koha item type |
|---|---|---|---|---|---|---|---|---|---|---|---|---|---|---|---|---|
| Dewey Decimal Classification | Non-fiction | Central Library, University of Rajshahi | Central Library, University of Rajshahi | 21/12/1996 | Ankur Prokashni, Dhaka | 50.00 | 2 | B 891.444 BAN 1995 | 20/11/2023 | 07/11/2023 | C-2 | Books |